El sí de la niñas

Guardat en:
Dades bibliogràfiques
Autor principal: Fernández de Moratín, Leandro (Autor)
Format: Llibre
Idioma:espanyol
Publicat: Santiago Ediciones Yugoslavia 1989
Edició:1a. ed
Matèries:
Etiquetes: Afegir etiqueta
Sense etiquetes, Sigues el primer a etiquetar aquest registre!

MARC

LEADER 00000nam a2200000 a 4500
001 UCH3799
003 CL-VaPUC
008 090818e19890000CL |||||||||||||||||spa|d
082 0 4 |a 862  |b FER  |2 21 
100 0 |a Fernández de Moratín, Leandro  |e author  |9 321783 
245 1 3 |a El sí de la niñas 
250 |a 1a. ed 
300 |a 125 p 
942 |c BK 
945 |d 20090818 00:00:00  |a lazolas 
260 |a Santiago  |b Ediciones Yugoslavia  |c 1989 
650 0 |a Dramas españoles  |9 267081 
650 0 |a Literatura española  |9 306261 
583 |a last modification  |c 20090818 00:00:00  |k Rodrigo Vera 
999 |c 335230  |d 335228